Salt affected soils and crop production : a modern synthesis / (Record no. 9452)
[ view plain ]
| 000 -LEADER | |
|---|---|
| fixed length control field | 00520cam a2200193ua 4500 |
| 020 ## - INTERNATIONAL STANDARD BOOK NUMBER | |
| ISBN | 81 85031 61 4 |
| 041 ## - LANGUAGE CODE | |
| Language code of text/sound track or separate title | eng |
| 082 ## - DEWEY DECIMAL CLASSIFICATION NUMBER | |
| Classification number | 631.458 |
| Item number | LAL/SA |
| 100 ## - MAIN ENTRY--AUTHOR NAME | |
| Personal name | Lal, P . |
| 245 ## - TITLE STATEMENT | |
| Title | Salt affected soils and crop production : a modern synthesis / |
| 260 ## - PUBLICATION, DISTRIBUTION, ETC. (IMPRINT) | |
| Place of publication | : |
| Name of publisher | Agro botanical publishers , |
| Year of publication | 1993. |
| 300 ## - PHYSICAL DESCRIPTION | |
| Number of Pages | 373 ; . |
| 700 1# - ADDED ENTRY--PERSONAL NAME | |
| Personal name | Arvind, Kumar . |
| 700 1# - ADDED ENTRY--PERSONAL NAME | |
| Personal name | Chhipa, B R . |
| 942 ## - ADDED ENTRY ELEMENTS (KOHA) | |
| Koha item type | Books |
| Withdrawn status | Lost status | Damaged status | Home library | Current library | Date acquired | Full call number | Accession Number | Koha item type |
|---|---|---|---|---|---|---|---|---|
| KAUAET | KAUAET | 07/04/2012 | 631.458 | 19848 | Books |
